01126 a2200169 4500003000500000005001700005010001600022020001500038040000900053082001200062100002400074245008700098260003500185300003200220505068900252650001500941Nust20221011133615.0 a 73013814 a0070386854 cNust00a540,LON1 aLongo, Frederick R.10aGeneral chemistry: binteraction of matter, energy, and man /cFrederick R. Longo. aNew York,bMcGraw-Hillc[1974] axxi, 765 p.billus.c24 cm. aAtoms and Molecules (Page-1), Basic Concepts (Page-9), Electrons in Atoms (Page-37), The Periodic Law (Page-70), Valence Theory (Page-90), The Gaseous State (Page-151), Crystalline Solids (Page-187), Liquid and a Comparison of the Three States of Matter (Page-217), The Dissolved State (Page-242), Thermo chemistry and Thermodynamic (Page-276),Chemical Equilibrium (Page-313), Electrochemistry (Page-341), Acids, Bases and Ions Equilibra (Page-381), Electrolyte Solutions (Page-432), Organs Chemistry (Page-454), The Chemistry of the Living Cell (Page-514), Chemical Kinetics (Page-550), The Transition Metals (Page-645), Nuclear Chemistry (Page-693), The Environment (Page-720), 0aChemistry.